Planning processes : an introduction for geographers

Αποθηκεύτηκε σε:
Λεπτομέρειες βιβλιογραφικής εγγραφής
Κύριος συγγραφέας: Herington, John
Μορφή: Βιβλίο
Γλώσσα:English
Δημοσίευση: Cambridge : Cambridge University Press, c1989
Σειρά:Cambridge topics in geography ; ; Second series
Θέματα:
Ετικέτες: Προσθήκη ετικέτας
Δεν υπάρχουν, Καταχωρήστε ετικέτα πρώτοι!

MARC

LEADER 00000nam a2200000 i 4500
001 1/77033
008 990401s1989 eng d
020 |a 0-521-30770-8 
035 |l 10049741 
040 |a GR-MY-UA  |b gre  |e aacr 
041 0 |a eng 
082 0 |a 361.6 
100 1 |a Herington, John. 
245 1 0 |a Planning processes :  |b an introduction for geographers /  |c John Herington 
260 |a Cambridge :   |b Cambridge University Press,   |c c1989 
300 |a 117 p.;  |c fig.; tabl. 
490 1 |a Cambridge topics in geography  |v ; Second series 
504 |a Includes bibliographical references and index 
650 0 0 |a Planning. 
830 0 |a Cambridge topics in geography ;  |v ; Second series 
852 |a INST  |b LESVOS  |e 19990401  |h 361.6 HER  |p 005100016575  |q 005100016575  |t BK  |y 0 
901 |a BIBL-1999-1 
909 |a Λ  |b 062097 
922 |a 1ΕΛΗ  |b 199812  |c ΚΠΣ/ΤΓ  |d LEADER 
950 |a 118-1998-10-19